| 000 | 00360nam a2200157Ia 4500 | ||
|---|---|---|---|
| 008 | 221030s9999 xx 000 0 und d | ||
| 020 | _a8126116390 | ||
| 041 | _aEnglish | ||
| 082 |
_a105.23 _bDaw |
||
| 100 | _aS. Dawra | ||
| 245 | 0 | _aComputer Programming in C | |
| 260 |
_bAnmol Pub _aNew Delhi _c2003 |
||
| 300 | _a438 | ||
| 650 | _aComputers | ||
| 942 | _cBK | ||
| 999 |
_c1495 _d1495 |
||